000 00909nam a2200229 a 4500
001 53833
003 BD-RjUL
005 20211209080028.0
008 161026s1958 ii ||||| |||| 00| 0 ben d
020 _c: IRs 6.00
035 _a(BD-RjUL)53955
040 _aBD-RjUL
_bben
_cBD-RjUL
041 _aben
082 _223
_a891.44109
_bDAB 1958
100 _aদাস, ক্ষুদিরাম
_9123456
245 1 0 _aবাঙলা কাব্যের রূপ ও রীতি /
_cক্ষুদিরাম দাস
260 _aকলিকাতা :
_bবুকল্যান্ড পাবলিশার্স,
_c১৯৫৮ [?]
300 _a[১০], ২৯২ পৃ. ;
_c২১ সেমি.
650 _aবাংলা কবিতা
_xইতিহাস ও সমালোচনা
_9160792
650 _aBengali Poetry
_xHistory & Criticism
_9121573
942 _2ddc
_cBK
999 _c53833
_d53833